[Event "83rd ESP-ch Women-ch 2018"]
[Site "Linares"]
[Date "2018.08.23"]
[Round "4"]
[White "Cuenca Jimenez, Jose Fernando"]
[Black "Garcia Romero, Benjamin Abel"]
[Result "1-0"]
[WhiteElo "2506"]
[BlackElo "2230"]
[Annotator "TA"]
[PlyCount "51"]
[EventDate "2018.08.09"]
[EventType "tourn"]
[EventCountry "ESP"]
[SourceTitle "playchess.com"]
[Source "ChessBase"]
[SourceQuality "1"]

{[%evp 19,51,53,45,28,79,66,59,10,18,10,15,13,94,86,93,90,251,251,236,234,323,322,314,314,319,313,345,340,860,849,1573,659,741,664]} 1. Nf3 Nf6 2. c4 g6 3. g3 Bg7 4. Bg2 O-O 5. O-O Na6 6. d4 c6 7. Nc3 d5 8. cxd5 Nxd5 9. e4 {D74: Fianchetto Grünfeld: Main Line (5 Nf3 0-0 6 cxd5 Nxd5 7 0-0)} Nb6 10. h3 Be6 {LiveBook: 10 Games} (10... c5 11. d5 e6 12. Bg5 Qd7 13. a4 Nb4 14. a5 Nc4 15. Qb3 exd5 16. Nxd5 Nxd5 17. Qxc4 {½-½ (55) Tkachiev,V (2642)-Polgar,J (2680) Moscow 2009}) 11. a4 {[%cal Ba2a4,Ba4a5][%mdl 32] White is slightly better.} Nb4 {[#]} (11... Bc4 $11) 12. a5 $1 $16 {[%cal Ra5b6]} Nc4 $146 ({Predecessor:} 12... Nc8 13. Ra4 c5 14. d5 Bd7 15. Ra1 Nd6 16. Bf4 Nc4 17. Qe2 Nxa5 {1-0 (46) Diaz Perez,M (2276)-Fernandez Rivero,K (2055) Havana 2013}) 13. Ra4 c5 $1 14. dxc5 Nd3 15. Qe2 Qd7 (15... Bxc3 $11 {keeps the balance.} 16. bxc3 Nxc1 17. Rxc1 Nxa5) 16. e5 $1 Ncxe5 17. Nxe5 Bxe5 $2 {[#]} (17... Nxe5 $16 18. Rd1 Qc7) 18. c6 $1 $18 {[%mdl 512]} bxc6 {Threatens to win with ...Rfd8.} 19. Rd1 Nxc1 20. Qxe5 Nd3 21. Qe3 Rfd8 {next ...Bb3 is good for Black.} 22. Bf1 ({Don't take} 22. Be4 Qb7 $18) 22... Bf5 {If Black can now play ...Qe6 this consolidates a bit.} 23. g4 {[%cal Bg3g4,Bg4f5][%mdl 32]} Qb7 $2 (23... Qe6 24. Qxe6 Bxe6) 24. gxf5 {White is clearly winning.} ({Not} 24. Rxd3 Bxd3 25. Bxd3 Qxb2 $14) 24... Nxb2 25. Rb1 (25. Rxd8+ $142 Rxd8 26. Rh4) 25... Qb3 26. Ra2 {Precision: White = 73%, Black = 12%.} 1-0

[Event "83rd ESP-ch Women-ch 2018"]
[Site "Linares"]
[Date "2018.08.23"]
[Round "4"]
[White "Espinosa Aranda, Angel"]
[Black "Alshameary Puente, Ismael"]
[Result "1-0"]
[WhiteElo "2451"]
[BlackElo "2343"]
[Annotator "TA"]
[PlyCount "47"]
[EventDate "2018.08.09"]
[EventType "tourn"]
[EventCountry "ESP"]
[SourceTitle "playchess.com"]
[Source "ChessBase"]
[SourceQuality "1"]

{[%evp 13,47,18,29,26,29,35,28,26,77,65,75,68,75,47,55,4,50,3,19,14,14,0,20,0,35,0,236,246,224,224,549,497,536,428,833,797]} 1. Nf3 Nf6 2. c4 c5 3. Nc3 d5 4. cxd5 Nxd5 5. e3 Nc6 6. Bb5 Nxc3 7. bxc3 Bd7 {LiveBook: 31 Games. A34: Symmetrical English: 2 Nc3, lines with ...d5} 8. Rb1 Qc7 9. d4 e6 {White is slightly better.} 10. O-O cxd4 (10... Be7 $11) 11. exd4 $16 Be7 12. Bd3 O-O 13. Qe2 $146 ({Predecessor:} 13. Re1 Rac8 14. Bg5 h6 15. Bd2 {1-0 (30) Ipatov,A (2662)-Xiong,J (2652) Saint Louis 2017}) 13... Rfe8 14. Bg5 ({Better is} 14. Re1 $14) 14... Bd6 15. Qe4 f5 16. Qh4 $40 {[%mdl 128] White mounts an attack.} Ne7 17. c4 {[%cal Bc3c4,Bc4c5][%mdl 32] [#] c5 is the strong threat.} Ng6 18. Qh5 b6 19. Rfe1 e5 $2 {[#]} (19... Bc6 $11 {and Black is okay.}) 20. c5 $1 $18 {[%cal Rc5d6][%mdl 512]} bxc5 21. Bd2 Nf4 $2 ({Avoid the trap} 21... exd4 $2 22. Ng5 $18) ({But not} 21... cxd4 $2 22. Rec1 $18) (21... Be6 {is a better chance.} 22. Ng5 Nf8) 22. Bxf4 $1 {White is clearly winning.} g6 23. Bc4+ Kh8 (23... Be6 $142 24. Bxe6+ Rxe6) 24. Qh4 {Precision: White = 58%, Black = 30%.} 1-0

[Event "83rd ESP-ch Women-ch 2018"]
[Site "Linares"]
[Date "2018.08.23"]
[Round "4"]
[White "Moreno Ruiz, Javier"]
[Black "Salgado Lopez, Ivan"]
[Result "1/2-1/2"]
[WhiteElo "2450"]
[BlackElo "2643"]
[Annotator "TA"]
[PlyCount "61"]
[EventDate "2018.08.09"]
[EventType "tourn"]
[EventCountry "ESP"]
[SourceTitle "playchess.com"]
[Source "ChessBase"]
[SourceQuality "1"]

{[%evp 9,61,-1,13,8,3,9,11,14,22,18,20,20,23,19,17,14,14,4,20,5,3,10,17,10,37,34,33,18,18,15,21,17,27,29,26,10,31,16,35,10,21,-10,25,0,7,5,36,7,26,27,23,4,29,18]} 1. d4 Nf6 {[%cal Bg8f6,Bf6h5,Bh5g7,Bg7f5][%mdl 32]} 2. Bf4 c5 3. e3 Qb6 4. Na3 (4. Nc3 a6 5. a3 d6 6. Be2 Bf5 7. Rb1 h6 8. h3 g5 9. Bh2 cxd4 10. exd4 Bg7 11. Nf3 Nbd7 {½-½ (36) Agrest,E (2584)-Jones,G (2640) chess.com INT 2018}) 4... d6 5. Nc4 Qc7 6. Nf3 {[%cal Bg1f3,Bf3d2,Bd2b3][%mdl 32] A45: Trompowsky Attack} Nh5 $146 ({Predecessor:} 6... Be6 7. Ncd2 Nh5 8. Bg3 Nxg3 9. hxg3 cxd4 10. exd4 Nd7 11. Ng5 Bf5 {1-0 (22) Rosso,P (2263)-Skeels,J (2314) IECG email 2006}) 7. Bg5 {[%cal Bf4g5,Bg5h4,Bh4g3][%mdl 32]} h6 8. Bh4 {The position is equal.} g5 9. Nfd2 Ng7 10. Bg3 Nf5 11. dxc5 Qxc5 12. Nb3 Qc7 13. e4 Nxg3 14. hxg3 ({But not} 14. fxg3 Bg7 $15) 14... Bg7 15. c3 Nc6 16. Ne3 e6 17. Be2 Bd7 18. Qd2 O-O-O 19. O-O-O Be8 $1 20. Kb1 Kb8 21. f4 a6 22. Ka1 Ne7 23. Nd4 Ba4 24. Rc1 Bd7 25. Bh5 Rhf8 26. Rhf1 gxf4 27. gxf4 {[%cal Bg3f4,Bf4f5][%mdl 32]} Bc8 28. f5 {[#] aiming for f6.} Ng8 29. Ng4 Qe7 30. Rce1 Nf6 31. Nxf6 {Precision: White = 42%, Black = 55%.} 1/2-1/2

[Event "83rd ESP-ch Women-ch 2018"]
[Site "Linares"]
[Date "2018.08.23"]
[Round "4"]
[White "Garza Marco, Sergio"]
[Black "Tudela Corbalan, Carlos"]
[Result "1-0"]
[WhiteElo "2414"]
[BlackElo "2246"]
[Annotator "TA"]
[PlyCount "75"]
[EventDate "2018.08.09"]
[EventType "tourn"]
[EventCountry "ESP"]
[SourceTitle "playchess.com"]
[Source "ChessBase"]
[SourceQuality "1"]

{[%evp 18,75,79,63,86,76,105,96,102,101,106,102,99,95,125,122,148,135,147,147,177,158,190,194,171,197,185,117,142,149,172,176,303,300,284,298,287,272,285,277,358,352,316,318,483,479,609,470,522,535,742,745,722,712,816,580,744,737,703,660]} 1. d4 f5 2. c4 Nf6 3. e3 e6 4. Nc3 Bb4 5. Bd3 b6 6. Nge2 Bb7 7. f3 O-O 8. O-O Nc6 {A85: Dutch Defence: 2 c4 Nf6 3 Nc3} 9. a3 Bxc3 10. Nxc3 {LiveBook: 3 Games} Qe7 {White is slightly better.} 11. b4 (11. b3 Rae8 12. Bb2 d6 13. Qd2 {1-0 (42) Dreev,A (2654)-Neiksans,A (2534) Warsaw 2012}) 11... Kh8 $146 ({Predecessor:} 11... d6 12. Bc2 Kh8 13. Bb2 a5 14. b5 Nd8 15. Qe2 Nd7 16. f4 {1-0 (36) Lovkov,R (2457)-Potapov,A (2320) Sochi 2008}) 12. Bb2 d6 13. Qd2 Rae8 14. Ne2 Bc8 15. Ng3 Bd7 16. Bc3 Qf7 17. b5 Nd8 18. a4 g6 19. a5 Kg8 20. axb6 axb6 21. Ra7 Bc8 22. Ne2 (22. e4 $18) 22... Nb7 23. Nc1 $36 {[%mdl 2048] White is on the roll.} Nd7 24. Na2 f4 (24... Nf6 {was necessary.} 25. e4 fxe4) 25. exf4 $18 Qxf4 26. Qxf4 Rxf4 27. Be4 d5 28. cxd5 Nd6 29. dxe6 (29. Rxc7 Nxb5 30. Rc6 exd5 $16) 29... Nf6 30. Bc6 ({Weaker is} 30. Rxc7 Bxe6 31. d5 Nxb5 $16) 30... Rxe6 (30... Bxe6 {keeps fighting.} 31. Bxe8 Nfxe8) 31. Rxc7 {White is clearly winning.} Re2 32. Nb4 {[%cal Ba2b4,Bb4d3,Bd3e5][%mdl 32]} Be6 33. Ra1 Bf7 34. Nd3 Rf5 35. Ne5 Ba2 36. Re1 Rc2 37. Bb4 Nde8 38. Re7 {Precision: White = 87%, Black = 36%.} 1-0

[Event "83rd ESP-ch Women-ch 2018"]
[Site "Linares"]
[Date "2018.08.23"]
[Round "4"]
[White "Tejedor Fuente, Enrique"]
[Black "Santos Latasa, Jaime"]
[Result "1/2-1/2"]
[WhiteElo "2408"]
[BlackElo "2582"]
[Annotator "TA"]
[PlyCount "60"]
[EventDate "2018.08.09"]
[EventType "tourn"]
[EventCountry "ESP"]
[SourceTitle "playchess.com"]
[Source "ChessBase"]
[SourceQuality "1"]

{[%evp 20,60,18,17,21,14,13,-11,-12,-10,-10,-12,-13,-12,-11,-11,-11,-12,-12,-9,-13,-12,-5,-8,-10,-9,-3,-5,0,-12,0,0,0,-22,0,0,0,-14,0,0,0,-16,0]} 1. e4 e5 2. Nf3 Nc6 3. Bb5 a6 4. Bxc6 dxc6 5. O-O f6 6. d4 Bg4 7. dxe5 Qxd1 8. Rxd1 fxe5 9. Be3 Bxf3 {C69: Ruy Lopez: Exchange Variation with 5 0-0 f6} (9... Nf6 10. Nbd2 Bd6 11. h3 Be6 12. Ne1 O-O 13. Nd3 Nd7 14. b4 a5 15. Nc5 Bxc5 16. bxc5 a4 17. Rdb1 Rfb8 18. Rb4 Ra5 19. Nc4 Rb5 20. Rxa4 Nxc5 21. Bxc5 Rxc5 22. Ne3 Kf7 {½-½ (22) Galego,L (2528)-Short,N (2676) Liverpool 2006}) 10. gxf3 Bd6 11. Nd2 {LiveBook: 6 Games. The position is equal.} O-O-O 12. Nc4 Ne7 13. f4 exf4 14. Nxd6+ cxd6 15. Bxf4 d5 16. Bg5 Rhe8 $146 17. Bxe7 Rxe7 18. exd5 Rxd5 19. Rxd5 cxd5 $11 {[%mdl 4096] Endgame KR-KR} 20. Kf1 Kc7 21. Rd1 Kc6 22. Rd3 g6 23. Rc3+ Kd6 24. Rd3 Kc6 25. Rc3+ Kd6 26. Rd3 Kc6 27. Rc3+ Kd6 28. Rd3 Kc6 29. Rc3+ Kd6 30. Rd3 Kc6 {Precision: White = 87%, Black = 32%.} 1/2-1/2

[Event "83rd ESP-ch Women-ch 2018"]
[Site "Linares"]
[Date "2018.08.23"]
[Round "4"]
[White "Merario Alarcon, Andres"]
[Black "Diaz Rodriguez, Jose Antonio"]
[Result "1/2-1/2"]
[WhiteElo "2406"]
[BlackElo "1991"]
[Annotator "TA"]
[PlyCount "79"]
[EventDate "2018.08.09"]
[EventType "tourn"]
[EventCountry "ESP"]
[SourceTitle "playchess.com"]
[Source "ChessBase"]
[SourceQuality "1"]

{[%evp 9,79,54,53,-3,68,49,64,30,26,11,26,25,44,2,8,10,38,42,85,77,71,64,57,63,92,103,95,111,93,110,97,96,107,35,102,91,88,103,147,142,138,107,157,152,147,144,142,145,149,130,212,71,84,79,124,49,103,120,106,62,254,221,214,191,285,289,882,893,1612,1554,29987,29985]} 1. d4 Nf6 2. Bg5 Ne4 3. Bf4 d5 4. e3 c6 5. Bd3 Nd7 {LiveBook: 6 Games} (5... Nd6 6. Nf3 Bg4 7. Nbd2 e6 8. O-O Nd7 9. c4 dxc4 10. Nxc4 Nxc4 11. Bxc4 Nb6 12. Be2 Bxf3 13. Bxf3 {½-½ (55) Lenic,L (2646)-Kozul,Z (2632) Austria 2015}) 6. Ne2 {A45: Trompowsky Attack} ({Better is} 6. Bxe4 $14 dxe4 7. Nd2) 6... Ndf6 (6... g5 $11 7. Bg3 Nxg3 8. Nxg3 e5) 7. f3 $146 ({Predecessor:} 7. O-O Qb6 8. b3 a5 9. f3 Nd6 10. c4 dxc4 11. bxc4 c5 12. Nbc3 cxd4 13. exd4 {1-0 (29) Rey,G (2359)-Thorsteinsson,E (2160) ICC INT 2000}) 7... Nd6 8. Ng3 {White is slightly better.} Qb6 9. Qc1 e6 10. O-O h5 {[%cal Bh7h5,Bh5h4][%mdl 32]} 11. Nd2 h4 12. Ne2 $36 {[%mdl 2048] White has good play.} Nh5 13. Bg5 Be7 14. Bxe7 Kxe7 15. e4 e5 16. c3 Nf4 17. Nxf4 exf4 18. exd5 cxd5 19. Nb3 g5 20. Qe1+ Be6 21. h3 ({White should play} 21. Nc5 $16) 21... Rag8 (21... Nc4 $14) 22. Nc5 $16 Rh6 23. Qe5 Qc6 24. Rfe1 b6 {[#]} 25. Na6 $1 {[%cal Ra6b4]} Nc4 26. Bxc4 $1 Qxc4 27. Nb4 {aiming for Nxd5+.} Kd7 28. b3 Qc7 {[#]} 29. Qe2 $1 ({Stronger than} 29. Nxd5 Qxe5 30. Rxe5 f6 $15) 29... a5 (29... Kc8 $16) 30. Nd3 (30. Qb5+ $18 {and the rest is easy.} Kc8 31. Nc6 (31. Nxd5 Bxd5 32. Qxd5 Kb8 $16)) 30... Ke7 31. Rac1 Kf8 32. Ne5 (32. c4 $16 {cxd5 is the strong threat.} dxc4 33. bxc4) 32... Kg7 (32... Qd6 $14) 33. c4 {Black must now prevent cxd5.} dxc4 34. bxc4 Rd8 $2 (34... f6 $1 $14) 35. Qb2 Kg8 36. d5 Qc5+ (36... Bd7 {was called for.} 37. Nxd7 Qxd7) 37. Kh2 $18 Bd7 $2 (37... Bc8 38. Nc6 Rf8) 38. Nxd7 Rxd7 39. Re8+ Kh7 40. Qe5 {[%mdl 32768] Precision: White = 64%, Black = 23%. . An unexpected result.} 1/2-1/2

[Event "83rd ESP-ch Women-ch 2018"]
[Site "Linares"]
[Date "2018.08.23"]
[Round "4"]
[White "Montero Melendez, Rafael"]
[Black "Diaz Castro, Ismael"]
[Result "1-0"]
[WhiteElo "2367"]
[BlackElo "2212"]
[Annotator "TA"]
[PlyCount "47"]
[EventDate "2018.08.09"]
[EventType "tourn"]
[EventCountry "ESP"]
[SourceTitle "playchess.com"]
[Source "ChessBase"]
[SourceQuality "1"]

{[%evp 16,47,43,31,60,57,60,52,63,56,57,49,108,56,82,46,56,77,105,136,116,85,108,67,66,77,71,89,64,62,29986,2557,2540,2038]} 1. c4 Nf6 2. g3 g6 3. Bg2 Bg7 4. Nc3 O-O 5. e4 d6 6. Nge2 e5 7. d3 Be6 8. h3 c6 9. O-O {LiveBook: 39 Games} Nfd7 {A24: English Opening vs King's Indian: Lines without ...Nc6} (9... Ne8 10. Be3 Nc7 11. Qd2 d5 12. cxd5 cxd5 13. d4 Nc6 14. Rfd1 exd4 15. Nxd4 Nxd4 16. Bxd4 dxe4 17. Nxe4 Qxd4 18. Qxd4 Bxd4 19. Rxd4 {½-½ (41) Kovacevic,B (2486)-Radovanovic,N (2441) Bosnjaci 2018}) 10. Be3 a5 11. f4 {[#] Threatens to win with f5.} f5 {White is slightly better.} 12. exf5 gxf5 13. b3 Nf6 $146 ({Black should try} 13... Na6 $14) ({Predecessor:} 13... Na6 14. d4 exd4 15. Bxd4 Nf6 16. Na4 Qe7 17. Rb1 {0-1 (38) Gasymov,G-Asgarov,M (2022) Baku 2002}) 14. Rc1 (14. fxe5 $16 dxe5 15. d4) 14... Qe7 15. fxe5 dxe5 16. d4 {[%cal Bd3d4,Bd4d5][%mdl 32]} Nh5 17. d5 f4 18. gxf4 exf4 {...Bxh3 is the strong threat.} 19. Bxf4 Bxh3 20. Bxh3 Nxf4 21. Nxf4 Qe3+ 22. Kg2 Bxc3 $4 {[%mdl 8192]} (22... Rxf4 $14 23. Qh5 Nd7) 23. Be6+ (23. Qg4+ $142 Kh8 24. Ng6+ hxg6 25. Rxf8+ Kg7 26. Rcf1 Qd2+ 27. Kh1 Qe2 28. Qxe2) 23... Kh8 $18 {[#]} 24. Ng6+ $1 {[%mdl 512] Precision: White = 40%, Black = 33%.} 1-0

[Event "83rd ESP-ch Women-ch 2018"]
[Site "Linares"]
[Date "2018.08.23"]
[Round "4"]
[White "Ayats Llobera, Gerard"]
[Black "Huerga Leache, Mikel"]
[Result "1-0"]
[WhiteElo "2345"]
[BlackElo "2451"]
[Annotator "TA"]
[PlyCount "62"]
[EventDate "2018.08.09"]
[EventType "tourn"]
[EventCountry "ESP"]
[SourceTitle "playchess.com"]
[Source "ChessBase"]
[SourceQuality "1"]

{[%evp 9,62,32,34,23,29,25,54,58,60,59,77,61,68,64,88,78,82,79,65,0,-11,-77,-69,-233,-235,-227,-218,-268,82,104,162,134,695,688,688,705,702,687,639,605,616,673,723,721,698,695,603,668,668,605,1326,1297,1231,1175,29999]} 1. e4 {[%cal Be2e4,Be4e5][%mdl 32]} e6 2. b3 d5 3. Bb2 Nf6 4. e5 (4. exd5 exd5 5. Nf3 Be7 6. Be2 O-O 7. O-O Re8 8. Re1 Nbd7 9. d3 Nf8 10. Nbd2 Ng6 11. Bf1 a5 12. Ne5 a4 13. Nxg6 hxg6 {0-1 (40) Van Foreest,J (2629)-Duda,J (2717) Riadh 2017}) 4... Ng8 {[%cal Bf6g8,Bg8e7,Be7c6][%mdl 32]} 5. c3 $146 ({Predecessor:} 5. d4 c5 6. c3 Nc6 7. Nf3 f6 8. Bd3 fxe5 9. dxe5 Nh6 10. O-O Nf7 11. c4 d4 {1-0 (36) Bergez,L (2327)-Rodriguez Fontecha,M (2329) Linares 2018}) 5... c5 6. Nf3 {C00: French: Unusual White 2nd moves} b6 7. d4 cxd4 8. cxd4 {White is slightly better.} Ne7 9. Nc3 Ba6 10. Nb5 {aiming for Nd6+.} Nec6 $1 11. a3 Qd7 12. Rc1 Be7 13. Bd3 O-O 14. h4 (14. Qe2 $14) 14... Nb4 $1 $11 {[%cal Rb4d3]} 15. axb4 (15. a4 $11 {keeps the balance.}) 15... Bxb5 $17 16. Bxh7+ $2 (16. Ng5 $15 h6 17. Nf3) 16... Kxh7 $19 17. Ng5+ Kg8 {...Nc6 is the strong threat.} 18. Rh3 f6 $2 ({Weaker is} 18... Bxb4+ 19. Bc3 $15) (18... g6 $1 $19 {Threatens to win with ...Nc6.} 19. Qg4 Ba6) 19. Qh5 $1 $40 {[%csl Gg5][%cal Rh5h7][%mdl 128] Black is in trouble.} fxg5 (19... Bd3 $16 {is a better defense.}) 20. hxg5 $18 {[#] Intending g6 and mate.} Bxg5 $2 {[%mdl 8192]} (20... Bd3 $1 $16) 21. Qh7+ {White is clearly winning.} Kf7 {[#]} 22. Rf3+ $1 Ke8 23. Qg6+ Rf7 24. Rxf7 Qxf7 25. Rc8+ Kd7 26. Qxf7+ Kxc8 27. Qxe6+ Kb7 28. Qxd5+ Bc6 29. Qf7+ Ka6 30. d5 Bb5 31. Qf8 {[%cal Rf8c8]} Bh6 {Precision: White = 62%, Black = 30%.} 1-0

[Event "83rd ESP-ch Women-ch 2018"]
[Site "Linares"]
[Date "2018.08.23"]
[Round "4"]
[White "Alvarez Fernandez, Enrique"]
[Black "Jimenez de la Torre, Jose Antonio"]
[Result "1-0"]
[WhiteElo "2324"]
[BlackElo "2076"]
[Annotator "TA"]
[PlyCount "149"]
[EventDate "2018.08.09"]
[EventType "tourn"]
[EventCountry "ESP"]
[SourceTitle "playchess.com"]
[Source "ChessBase"]
[SourceQuality "1"]

{[%evp 10,149,21,23,24,26,35,7,14,11,1,3,22,14,8,13,42,22,65,66,68,68,68,68,68,66,66,66,64,66,75,75,75,66,75,75,75,59,75,61,68,68,68,0,68,68,68,68,68,68,68,0,74,75,67,33,43,35,38,33,53,34,43,47,41,43,51,55,74,64,172,108,253,195,315,301,396,328,372,212,350,260,243,243,335,274,270,279,266,285,247,267,293,295,335,333,332,332,331,306,337,337,333,329,307,306,383,0,314,291,358,250,250,248,289,250,250,250,358,364,404,402,367,343,761,669,1938,1858,29977,29978,29969,3319,29981,29982,29984,29985,29985,29986,29987,29988,29988,29989]} 1. d4 f5 2. Nf3 Nf6 3. Bf4 e6 4. e3 Be7 5. h3 O-O 6. Be2 {LiveBook: 8 Partien. A80: Holländische Verteidigung} c5 (6... Ne4 7. Nfd2 d5 8. Nxe4 fxe4 9. c4 Bg5 10. Bh2 Nd7 11. Nc3 c6 {1-0 (36) Rapport,R (2693)-Anton Guijarro,D (2630) Reykjavik 2015 CBM 170 [Meulders,R]}) 7. O-O b6 8. c3 $146 {Weiß steht etwas besser.} ({Vorgänger:} 8. c4 Bb7 9. Nc3 d5 10. dxc5 bxc5 11. Qb3 Qb6 12. Nb5 Na6 13. a4 {1-0 (29) Piket,J (2405)-Kerkmeester,H (2245) Netherlands 1987}) 8... Bb7 9. a4 Nc6 10. Nbd2 Ne4 11. Bh2 d5 12. Ne5 cxd4 (12... Nxd2 {seems wilder.} 13. Nxc6 Bxc6 14. Qxd2 a5 15. Rfd1 Qd7) 13. exd4 (13. Nxc6 {is interesting.} Bxc6 14. cxd4 Bb7 15. Nf3 Bb4 16. Bb5) 13... Nxe5 14. Bxe5 Nxd2 15. Qxd2 Bd6 16. Bxd6 Qxd6 17. Rfe1 a5 18. Bd3 Rf6 19. Re5 Rc8 20. Qe2 Bc6 21. Re1 {[%cal Re5e6]} Bd7 22. Qc2 h6 23. Ra1 Rcf8 24. Qb3 g5 25. Rae1 Kg7 26. Ra1 (26. Qc2 $14) 26... Rc8 ({Besser ist} 26... Kg8 $1 $11) 27. Qc2 $14 Rcf8 28. Qe2 Rc8 29. Ra3 Rc7 30. Ra1 Rc8 31. Kh1 Rcf8 32. f4 gxf4 33. Qf2 Rg6 34. Qxf4 Qe7 35. Re2 Qg5 36. Qe5+ Rff6 37. Kh2 h5 38. g3 Kg8 39. h4 Qg4 ({Lieber} 39... Qh6 $1 $14) 40. Rg2 $36 {[%mdl 2048] Weiss hat starke Initiative.} (40. Re3 $18 {Und Le2 würde nun gewinnen.} Rh6 41. Rf1) 40... Rh6 (40... Rf8 $16 {war angesagt.}) 41. Qd6 Be8 (41... Rh7 $142 42. Qxb6 Rg7) 42. Qxb6 $18 Bg6 {und die Idee ...f4 ließe Schwarz weiter hoffen.} 43. Qb8+ Kg7 {Schwarz hofft, mit ...f4 fortzusetzen.} 44. Qf4 (44. Qc7+ $142 Rf7 45. Qe5+ (45. Qxa5 f4 $11) 45... Kg8 46. Qxe6) 44... Rh8 (44... Qxf4 $142 45. gxf4 Rf8) 45. Be2 Qxf4 46. gxf4 Kh6 47. Kg1 Rb8 {[#]} 48. Bb5 $1 Be8 49. Bxe8 Rxe8 {[%mdl 4096] Endspiel KTT-KTT} 50. Kf2 Rb8 51. Ke3 Rf7 52. Rag1 Rb6 53. Kd3 Rfb7 54. Rb1 Rb3 55. Kc2 R3b6 56. b3 Rc6 57. Kd3 Rcb6 58. Kc2 Rc6 59. Rg3 Rcb6 60. Rb2 Rc6 61. Kb1 Rbc7 62. Rc2 Rb6 {[#]} 63. Ka2 $1 Rcb7 (63... Ra6 $142 64. Re2 Rb6) 64. Rb2 Rc6 65. b4 Rc4 66. Ka3 axb4+ $2 (66... Kh7 67. b5 Rg7) 67. Rxb4 Rbxb4 68. cxb4 {[%cal Bc3b4,Bb4b5,Bb5b6,Bb6b7][%mdl 32]} Rxd4 {KT-KT} 69. b5 e5 70. fxe5 (70. b6 $142 exf4 71. Rb3 Rd1 72. b7 Ra1+ 73. Kb2 Re1 74. b8=Q Re2+ 75. Ka3) 70... f4 71. Rb3 {Weiß setzt Matt.} Rc4 72. b6 Rc8 73. a5 {[%cal Ba4a5,Ba5a6][%mdl 32]} Kg6 74. b7 Rb8 75. a6 {Precision: Weiß = 62%, Schwarz = 41%.} 1-0

[Event "83rd ESP-ch Women-ch 2018"]
[Site "Linares"]
[Date "2018.08.23"]
[Round "4"]
[White "Serarols Mabras, Bernat"]
[Black "Santos Ruiz, Miguel"]
[Result "0-1"]
[WhiteElo "2313"]
[BlackElo "2517"]
[Annotator "TA"]
[PlyCount "56"]
[EventDate "2018.08.09"]
[EventType "tourn"]
[EventCountry "ESP"]
[SourceTitle "playchess.com"]
[Source "ChessBase"]
[SourceQuality "1"]

{[%evp 21,56,0,0,0,-13,-24,-22,-31,-34,-51,-42,-41,-62,-58,-66,-57,-40,-25,-9,-140,-10,-117,-108,-93,-93,-96,-99,-108,-103,-432,-424,-1045,-907,-888,-727,-1349,-1325]} 1. d4 Nf6 2. c4 e6 3. Nc3 Bb4 4. e3 O-O 5. Bd3 d5 6. Nf3 dxc4 7. Bxc4 c5 8. O-O cxd4 9. exd4 Nc6 10. Bg5 h6 {B14: Caro-Kann (Panow-Angriff)} 11. Bh4 Be7 {LiveBook: 30 Partien} 12. Bg3 (12. Rc1 b6 13. a3 Bb7 14. Re1 Nh5 15. Bg3 Nxg3 16. hxg3 Bf6 17. d5 Na5 18. Ba2 Bxc3 19. Rxc3 Bxd5 20. Bxd5 Qxd5 21. Qxd5 exd5 22. Rd1 {½-½ (44) Vachier Lagrave,M (2789)-So,W (2778) Leuven 2018}) 12... b6 {Die Stellung ist ausgeglichen.} 13. Rc1 $146 ({Vorgänger:} 13. a3 Bb7 14. Ba2 Nh5 15. Rc1 Nxg3 16. fxg3 {½-½ (30) Hansen,L (2578)-Dean,J (2272) Orlando 2011}) 13... Bb7 14. Re1 Rc8 15. Qe2 Nxd4 16. Nxd4 Qxd4 17. Nb5 Qe4 {[%csl Gb7][%cal Re4g2] [#]} 18. Qf1 Qg6 19. Nxa7 Rcd8 20. Bc7 (20. Ba6 $11 {bleibt in der Remisbreite.} Bxa6 21. Qxa6) 20... Rd4 $40 {[%mdl 128] Weiss muss sich nun genau verteidigen.} (20... Rd2 $17 {Droht stark ...Lc5.} 21. Bxb6 Bd6) 21. Red1 (21. Ba6 $1 $11 {hält das Gleichgewicht.} Bxa6 22. Qxa6) 21... Rxd1 22. Rxd1 Bc5 23. b4 Bxb4 {zielt auf ...Se4 ab.} 24. Bxb6 Nd5 25. Bd4 $2 {[%mdl 8192] [#]} (25. Bxd5 $17 {leistet mehr Widerstand.} Bxd5 26. a4) 25... Nf4 $19 {[%cal Rb7g2] Schwarz steht klar auf Gewinn.} 26. g3 (26. Rd3 $142 Bxg2 27. Rg3 Bxf1 28. Rxg6 fxg6 29. Bxf1) 26... Bg2 27. Bd3 Qg4 ({Weniger gut wäre} 27... Bxf1 28. Bxg6 Bh3 29. gxf4 $17) 28. f3 Bxf3 {Precision: Weiß = 20%, Schwarz = 70%.} (28... Bxf1 $2 29. fxg4 Be2 30. Bxe2 $17) 0-1